El personaje misterioso #7 - Estadísticas

Estadísticas generales
  • Esta prueba ha sido intentada 80 veces
  • La puntuación promedio es 5 de 7
Estadísticas de respuestas
Hint Respuesta % Correcto
En 1976 viajó a la República Popular __________ En 1976 viajó a la República Popular China y sacó la impresión de que la realidad no coincidía con los valores de la ideología en la que militaba y fue reorientando sus posiciones.
84%
Profesión de su padre (empieza por z) Zapatero. Y también desempeñó el cargo de alcalde de Orihuela del Tremedal
84%
Su nombre empieza por ____ F
80%
Ha sacado _______ (número) libros de poesía Tres libros de poesía y más de veinte ensayos (algunos junto a Cesar Vidal). En 2018 sacó Memoria del comunismo. De Lenin a Podemos
77%
Estudió filología española en la universidad de __________ (ciudad española) Barcelona
74%
Pasó un tiempo en S_________ C________ (ciudad colindante con Barcelona) Pasó un tiempo en Santa Coloma de Gramanet, atado a un arbol por una organización terrorista
43%
NOMBRE Federico Jiménez Losantos
14%
No se encontraron pruebas coincidentes
Distribución de puntuación
Porcentaje de gente con cada puntuación
Porcentaje por número respondido
Historial de tus puntuaciones
No has intentado esta prueba.